La estrategía en el panorama del negocio: textos y casos (Registro nro. 1063)
[ vista simple ]
| 000 -CABECERA | |
|---|---|
| campo de control de longitud fija | 00624aam a2200229 4500 |
| 005 - FECHA Y HORA DE ACTUALIZACIÓN | |
| campo de control | 20160926110903.0 |
| 008 - LONGITUD FIJA | |
| campo de control de longitud fija | 150406b xxu||||| |||| 00| 0 spa d |
| 041 ## - IDIOMA | |
| Código de idioma del texto/pista de sonido o título separado | |
| 082 ## - CLASIFICACIÓN DECIMAL DEWEY | |
| Número de clasificación | 658.401.2 |
| Número de documento/Ítem | G411e |
| 100 ## - AUTOR PERSONAL | |
| Nombre de persona | Ghemawat, Pankaj |
| 245 ## - TÍTULO PROPIAMENTE DICHO | |
| Título | La estrategía en el panorama del negocio: textos y casos |
| 260 ## - PIE DE IMPRENTA | |
| Lugar de publicación, distribución, etc. | México |
| 260 ## - PIE DE IMPRENTA | |
| Nombre del editor, distribuidor, etc. | Pearson Educación |
| 260 ## - PIE DE IMPRENTA | |
| Fecha de publicación, distribución, etc. | 2000 |
| 300 ## - DESCRIPCIÓN FÍSICA | |
| Extensión | 400 |
| 650 ## - Materia General | |
| Materia general | ADMINISTRACION ESTRATEGICA |
| 650 ## - Materia General | |
| Materia general | POSICIONAMIENTO |
| 650 ## - Materia General | |
| Materia general | VALOR AGREGADO |
| 650 ## - Materia General | |
| Materia general | TEORIA CONDUCTAL |
| 650 ## - Materia General | |
| Materia general | TEORIAS DINAMICAS |
| 942 ## - Punto de Acceso Adicional Koha | |
| Tipo de ítem Koha | Libro |
| Estado perdido | Estado dañado | No para préstamo | Biblioteca permanente | Biblioteca actual | Signatura completa | Código de barras | Precio efectivo a partir del | Tipo de ítem |
|---|---|---|---|---|---|---|---|---|
| Departamento de Biblioteca y Documentación Alfonso Chase Brenes | Departamento de Biblioteca y Documentación Alfonso Chase Brenes | 658.401.2 G411e | 8552 | 26/09/2016 | Libro | |||
| Departamento de Biblioteca y Documentación Alfonso Chase Brenes | Departamento de Biblioteca y Documentación Alfonso Chase Brenes | 658.401.2 G411e | 8553 | 26/09/2016 | Libro |